El Control Constitucional en la etapa de calificacin̤ del Proceso Penal

Bibliographic Details
Main Author: Ret̀egui Sǹchez, James
Format: eBook
Language:Spanish
Published: Lima : Palestra Editores, 2008
Subjects:
Online Access:Acceso restringido

MARC

LEADER 00000nam a22000007a 4500
005 20120425150154.0
007 cr|||| ||||
008 120425s2008 pe |||||s|||| 00||0 spa d
020 |a 978-9972-224-79-9 
035 |a 6431 
040 |a vLex 
090 |c 3147  |d 3147 
100 1 |a Ret̀egui Sǹchez, James 
245 1 3 |a El Control Constitucional en la etapa de calificacin̤ del Proceso Penal  |h [Recurso electrn̤ico] /  |c James Ret̀egui Sǹchez  
256 |a Servicio en ln̕ea 
260 |a Lima :  |b Palestra Editores,  |c 2008 
300 |a 1 recurso electrn̤ico 
506 1 |a Contenido solo disponible en los productos indicados  |d vLex Global   |d vLex Global (Academic Edition, excluding Law Schools)   |d vLex Global (U.S. Academic Edition, Law Schools)   |d vLex Global (U.S. Academic Edition, excluding Law Schools)   |d vLex Global (Academic Edition, Law Schools)  
650 0 4 |a Procedimiento penal  |z Per︢ 
650 0 4 |a Derecho constitucional  |z Per︢ 
740 0 |a vLex Libros (Servicio en ln̕ea) 
856 4 0 |u http://vlex.com/source/control-constitucional-etapa-calificacion-proceso-penal-6431  |z Acceso restringido 
942 |c BOOK 
999 0 |a Constitutional law 
999 0 |a Criminal procedure